| 000 | 00475nam a22001817a 4500 | ||
|---|---|---|---|
| 003 | OSt | ||
| 005 | 20140310182347.0 | ||
| 008 | 130927t xxu||||| |||| 00| 0 eng d | ||
| 020 | _a8173011710 | ||
| 050 |
_aQL 122.2 _b.P898 1993 |
||
| 082 |
_aGS 591.92 _bP88 1993 |
||
| 245 |
_aMy big book of sea animals _cVed Prakash |
||
| 260 |
_aNew Delhi _b Dreamland Publications _c1993 |
||
| 300 |
_a48 p. _c28.5 cm. |
||
| 541 | _j1 | ||
| 562 | _e1 | ||
| 942 |
_2lcc _cBK-GS _kGS |
||
| 999 |
_c12254 _d12254 |
||